000 00768nam a2200253Ia 4500
003 OSt
005 20221005083626.0
006 a|||||r|||| 00| 0
007 ta
008 221004b |||||||| |||| 00| 0 eng d
020 _a817094659X (hbk)
_c495
024 _a89808
037 _b11697, 09/02/2008, Overseas Press
_cTextual
040 _aCRL
_cCRL
_beng
041 _2eng
_aeng
082 _aV44Q71:912,(Y), P6
100 _aSaikia Jaideep Ed.
_9461222
245 0 _aBangladesh
_b Treading the Taliban trail
260 _aNew Delhi
_bVision Books India
_c2006
300 _a272p.
_ccm.
650 _aHISTORY
942 _hV44Q71:912,(Y), P6
_cTEXL
_2cc
999 _c991307
_d991307